| 000 | 00418nam a22001457a 4500 | ||
|---|---|---|---|
| 008 | 230605b |||||||| |||| 00| 0 eng d | ||
| 040 |
_aNational Science Library _cNational Science Library |
||
| 080 |
_aR 951(058) _bL6 |
||
| 245 |
_aChina yearbook 1976 _c/ China Publishing Co. |
||
| 260 |
_aTaiwan: _bChina Publishing Co., _c1976 |
||
| 300 | _a816p. | ||
| 650 | _alanguage | ||
| 653 | _aYearbook | ||
| 942 |
_2udc _cYBK |
||
| 999 |
_c39108 _d39108 |
||